000 01957nam a2200337 i 4500
001 768714001
003 CO-MdFUSB
005 20231005160058.0
007 ta
008 230925t20042004miua||ag |||| 00| 0 spa d
020 _a9780825405020
040 _aCO-MdFUSB
_bspa
_cCO-MdFUSB
_dCO-MdFUSBC
_erda
041 _aspa
082 _223
_a248.8425
_bG348
100 _aGeorge, Jim,
_eautor
240 _aA Husband After God´s Own Heart
245 3 _aUn esposo conforme al corazón de Dios
_c/ George Jim ; traducido por Martín Juan Carlos
264 1 _aMíchigan :
_bPortavoz,
_c[2004]
264 4 _c©2004
300 _a246 páginas
_c; 17 cm.
336 _2rdacontent
_atexto
_btxt
337 _2rdamedia
_asin mediación
_bn
338 _2rdacarrier
_avolumen
_bnc
505 _aI. Crecer en el señor -- II. Trabajar en equipo -- III. Aprender a comunicarse -- IV. Deleitarse en la intimidad -- V. Administrar el dinero -- VI. Mantener el hogar -- VII. Criar a los hijos -- VIII. Amar a la familia -- IX. Trabajar en su profesión -- X. Divertirse juntos -- XI. Servir al señor -- XII. Testificar a otros.
520 _a¿Cuánto cuesta conseguir un gran matrimonio? Todo esposo tiene a su alcance un matrimonio fabuloso, conseguirlo no es tan difícil como usted piensa. En un esposo conforme al corazón de Dios, el autor, Jim George, le indica los pequeños toques que pueden proporcionarle grandes resultados. Están basados en claras y sencillas prioridades que Dios le da en la biblia y le serán de ayuda para... hacer de usted un mejor esposo hacer de usted y su esposa un verdadero equipo mejorar la comunicación con su pareja ahondar en sus relaciones matrimoniales y familiares hacer más placentero el tiempo que pasan juntos.
563 _aRústico
650 7 _9291
_aMatrimonio
_bCristianismo
_xAspectos religiosos
700 _98499
_aMartín, Juan Carlos,
_etraductor
942 _cBK
945 _asor1564
999 _c69048
_d69048